| 000 | 01774cam0a2200349 4500 | ||
|---|---|---|---|
| 001 | 8376 | ||
| 010 | _a9788594930637 | ||
| 010 | _a8594930631 | ||
| 010 | _a9788599277102 | ||
| 010 | _a8599277103 | ||
| 090 | _a8376 | ||
| 099 | _tLIVR | ||
| 100 | _a20230202d2017 k y0frey50 ba | ||
| 101 | 2 |
_apor _aeng |
|
| 102 | _aBR | ||
| 200 | 1 |
_aPanoramas do Sul artistas convidados _e19° Festival de Arte Contemporânea Sesc_Videobrasil _bLIVR _fDanilo Santos de Miranda |
|
| 210 |
_cSesc _d2015 |
||
| 215 |
_a124p. _cillustrations en couleur, couverture illustrée _d23 cm |
||
| 300 | _aCatalogue de la 19e édition du Festival de Arte Contemporânea Sesc_Videobrasil | ||
| 330 | _aThe present catalog intertwines art, culture, astronomy, biology, history and geography, amongst other areas of knowledge, so to make more evident the breaking of the boundaries between art and science. More than that, it integrates ancestral cosmovisions to a critical thought on the global political conjecture, a topic present in many of the works of the fifty artists of more than twenty countries participating in the Festival.ʺ (HKB Translation) --Page 8 | ||
| 606 |
_3027312984 _aArt vidéo _302722953X _yBrésil _3050665391 _z2000-.... _921693 |
||
| 606 |
_aVideo art _xExhibitions _921694 |
||
| 606 |
_aArt, Modern _z21st century _xExhibitions _97718 |
||
| 606 |
_aVideo art _yBrazil _xExhibitions _921695 |
||
| 701 |
_aDanilo Santos de _bMiranda _4Directeur de collection _921696 |
||
| 710 | 0 | 2 |
_3177519754 _aAssociação cultural videobrasil _4475 _921697 |
| 711 | 0 | 2 |
_3267473702 _aFestival de arte contemporânea Sesc_Videobrasil _4475 _921698 |
| 801 | 3 |
_aFR _bAbes _c20230206 _gAFNOR |
|
| 801 | 0 |
_bSTF _gAACR2 _aTN _c20250618 |
|
| 801 | 2 |
_bH7K _gAACR2 _aTN _c20250618 |
|
| 801 | 2 |
_b32BIS _aTN |
|
| 830 | _aMS | ||